LIBRARY & INFORMATION CENTRE, KCAET, TAVANUR

ONLINE PUBLIC ACCESS CATALOGUE (OPAC)

Grahanthara yathra / (Record no. 5980)

MARC details
000 -LEADER
fixed length control field 00440cam a2200169ua 4500
041 ## - LANGUAGE CODE
Language code of text/sound track or separate title mal
082 ## - DEWEY DECIMAL CLASSIFICATION NUMBER
Classification number 500
Item number BHA/GR
100 ## - MAIN ENTRY--AUTHOR NAME
Personal name Bhaskara Panicker, V T .
245 ## - TITLE STATEMENT
Title Grahanthara yathra /
260 ## - PUBLICATION, DISTRIBUTION, ETC. (IMPRINT)
Place of publication Kottayam :
Name of publisher Sahitya Pravarthaka Co-operative Society ,
Year of publication 1959.
300 ## - PHYSICAL DESCRIPTION
Number of Pages 80 ; .
942 ## - ADDED ENTRY ELEMENTS (KOHA)
Koha item type Books
Holdings
Withdrawn status Lost status Damaged status Home library Current library Date acquired Full call number Accession Number Koha item type
Withdrawn     KAUAET Malayalam University 07/04/2012 500 1698 Books
free website counter